书目信息 |
| 题名: |
钢结构设计原理
|
|
| 作者: | 沈璐 , 马玥 , 张俊生 主编 | |
| 分册: | ||
| 出版信息: | 武汉 华中科技大学出版社 2025.01 |
|
| 页数: | 304页 | |
| 开本: | 26cm | |
| 丛书名: | ||
| 单 册: | ||
| 中图分类: | TU391.04 | |
| 科图分类: | ||
| 主题词: | 钢结构--gang jie gou--结构设计 | |
| 电子资源: | ||
| ISBN: | 978-7-5772-1643-0 | |
| 000 | 01059nam0 2200265 450 | |
| 001 | 95133 | |
| 005 | 20250901194247.33 | |
| 010 | @a978-7-5772-1643-0@dCNY58.00 | |
| 100 | @a20250416d2025 em y0chiy50 ea | |
| 101 | 0 | @achi |
| 102 | @aCN@b420000 | |
| 105 | @aa a 000yy | |
| 106 | @ar | |
| 200 | 1 | @a钢结构设计原理@Agang jie gou she ji yuan li@f主编沈璐, 马玥, 张俊生 |
| 210 | @a武汉@c华中科技大学出版社@d2025.01 | |
| 215 | @a304页@c图@d26cm | |
| 320 | @a有书目 | |
| 330 | @a本书内容包括绪论 (钢结构的特点、应用、发展和设计方法)、钢结构材料特性及影响因素、钢结构的可能破坏形式、钢结构的连接 (焊缝、螺栓连接的构造和计算)、钢结构基本构件 (轴心拉杆和压杆、受弯构件、拉弯和压弯构件) 的工作原理和设计方法。学生在学完后能够在钢结构设计专业课的学习中更好的进行具体形式工程结构的分析计算和设计。 | |
| 606 | 0 | @a钢结构@Agang jie gou@x结构设计 |
| 690 | @aTU391.04@v5 | |
| 701 | 0 | @a沈璐@Ashen lu@4主编 |
| 701 | 0 | @a马玥@Ama yue@4主编 |
| 701 | 0 | @a张俊生@Azhang jun sheng@4主编 |
| 801 | 0 | @aCN@c20250909 |
| 905 | @a河南城建学院图书馆@dTU391.04@eS408@f1 | |
| 钢结构设计原理/主编沈璐, 马玥, 张俊生.-武汉:华中科技大学出版社,2025.01 |
| 304页:图;26cm |
| ISBN 978-7-5772-1643-0:CNY58.00 |
| 本书内容包括绪论 (钢结构的特点、应用、发展和设计方法)、钢结构材料特性及影响因素、钢结构的可能破坏形式、钢结构的连接 (焊缝、螺栓连接的构造和计算)、钢结构基本构件 (轴心拉杆和压杆、受弯构件、拉弯和压弯构件) 的工作原理和设计方法。学生在学完后能够在钢结构设计专业课的学习中更好的进行具体形式工程结构的分析计算和设计。 |
| ● |
| 相关链接 |
|
|
|
正题名:钢结构设计原理
索取号:TU391.04/S408
 
预约/预借
| 序号 | 登录号 | 条形码 | 馆藏地/架位号 | 状态 | 备注 |
| 1 | 1629191 | 216291910 | 建筑库101/101建筑库 91排1列1层/ [索取号:TU391.04/S408] | 在馆 |